|
|
|
|
| LEADER |
00980nam a2200253 4500 |
| 001 |
c000325447 |
| 003 |
CARM |
| 005 |
00000000000000.0 |
| 008 |
710323s1970 nyu b 00110 eng |
| 019 |
1 |
|
|a 601685
|5 LACONCORD2021
|
| 035 |
|
|
|a (OCoLC)128855
|5 LACONCORD2021
|
| 050 |
0 |
0 |
|a JA86
|b .A2
|
| 100 |
1 |
|
|a Abcarian, Gilbert,
|d 1925-
|
| 245 |
1 |
|
|a Contemporary political systems;
|b an introduction to government
|c [by] Gilbert Abcarian [and] George S. Masannat.
|
| 260 |
|
|
|a New York,
|b Scribner
|c [1970]
|
| 300 |
|
|
|a ix, 387 p.
|c 24 cm.
|
| 504 |
|
|
|a Includes bibliographies.
|
| 650 |
|
0 |
|a Political science
|x Study and teaching.
|
| 650 |
|
0 |
|a Comparative government.
|
| 700 |
1 |
|
|a Masannat, George S.,
|d 1933-
|e joint author.
|
| 852 |
8 |
|
|b CARM
|h A1:AP33F0
|i C09447
|p 0357907
|f BK
|
| 082 |
0 |
4 |
|a 320.3
|
| 999 |
f |
f |
|i d8bcfcfd-8e3f-585c-9a64-c78762619509
|s e77a7dbd-a71b-5f8e-94d9-7739c0686f8b
|
| 952 |
f |
f |
|p Can circulate
|a CAVAL
|b CAVAL
|c CAVAL
|d CARM 1 Store
|e C09447
|f A1:AP33F0
|h Other scheme
|i book
|m 0357907
|